000 00790nam a2200253Ia 4500
003 OSt
005 20220930092723.0
006 a|||||r|||| 00| 0
007 ta
008 220926b |||||||| |||| 00| 0 eng d
024 _a24205
037 _cTheses
040 _aCRL
_cCRL
_beng
041 _2eng
_aeng
100 _aHasani Rohit
_9549570
110 _aUniversity OF Delhi. Faculty OF Medical Sciences. Department OF Medicine
245 0 _aUpper gastrointestinal bleeding
_b clinical profile, causes and outcome
260 _c2015
650 _aMEDICINE
700 _a Dr. Bhaskar Nandi Gu.
_9545794
700 _aUniversity OF Delhi. Faculty OF Medical Sciences. Department OF Medicine
942 _cDIS
_2CC
999 _c884206
_d884206